Mentioned Countries in "Geography Now - Antigua and Barbuda" - Statistics

General Stats
  • This quiz has been taken 26 times
  • The average score is 8 of 12
Answer Stats
# Country % Correct
41 Antigua and Barbuda
100%
1 United States
100%
2 United Kingdom
91%
3 Saint Kitts and Nevis
83%
1 Barbados
78%
3 France
78%
1 Dominica
74%
1 Grenada
70%
1 Jamaica
57%
2 Venezuela
57%
3 Netherlands
43%
1 Armenia
17%
No matching quizzes found
Score Distribution
Percent of People with Each Score
Percentile by Number Answered
Your Score History
You have not taken this quiz